• 首页
  • 本馆介绍
  • 公告通知
  • 最新文献
  • 馆藏检索
  • 电子资源
  • 读者荐购
  • 参考咨询
  • CALIS
  • 我的图书馆
  • 登录
  • 详细信息显示
  • 放入我的书架
  • 预约/预借图书
  • 作者相关作品
  • 分类相关作品
  • 丛书相关作品
  • 出版社相关作品

书目信息

  • 表格格式
  • 工作单格式
  • 卡片格式
题名:
人包装自然
    
 
作者: 田飞 , 李果 著
分册:  
出版信息: 成都   四川美术出版社  1999.10
页数: 58页
开本: 20cm
丛书名:
单 册:
中图分类: J524
科图分类:
主题词: 工艺美术--中国
电子资源:
ISBN: 7-5410-1704-3
 
 
 
 
 
000 00627nam0 2200217 450
001 1143663906
005 20111227114323.09
010    @a7-5410-1704-3@dCNY20.00
100    @a20111227d1999 km y0chiy0120 ea
101 0  @achi
102    @aCN@b510000
105    @az z 000yy
200 1  @a人包装自然@Aren bao zhuang zi ran@f田飞, 李果著@Ftian fei,li guo zhu
210    @a成都@c四川美术出版社@d1999.10
215    @a58页@d20cm
606 0  @a工艺美术@x中国
690    @aJ524@v4
701  0 @a田飞@Atian fei@4著
701  0 @a李果@Ali guo@4著
801  0 @aCN@b大连网信软件有限公司图书馆·11@c20111227
905    @aZUCC@dJ524@eT613@f3
    
    人包装自然/田飞, 李果著.-成都:四川美术出版社,1999.10
    58页;20cm
    
    
    ISBN 7-5410-1704-3:CNY20.00
    
●
相关链接 在E读中查询图书 在当当中查询图书 在豆瓣中查询图书


正题名:人包装自然     索取号:J524/T613         预约/预借

序号 登录号 条形码 馆藏地/架位号 状态 备注
1 1069935   210699350   社科库309/309社科库 86排4列4层/ [索取号:J524/T613] 在馆    
2 1069936   210699369   待替旧图书/ [索取号:J524/T613] 在馆    
3 1069937   210699378   社科库309/309社科库 86排4列4层/ [索取号:J524/T613] 在馆    
河南城建学院图书馆 欢迎您!
大连网信软件有限公司© 版权所有